|
|
|
|
| LEADER |
00000nab a2200000 ar4500 |
| 001 |
vtls008982039 |
| 003 |
SK-MaSNL |
| 005 |
20260303065158.0 |
| 008 |
070419c2007 xo |||||||||||000 b|slo |
| 015 |
|
|
|a SNBRB2007/04
|2 snkbucl
|
| 038 |
|
|
|a SNKBUCL
|
| 040 |
|
|
|a SNKBUCL
|b slo
|c SNKBUCL
|e AACR2
|
| 041 |
0 |
|
|a slo
|
| 044 |
|
|
|a xo
|c SK
|
| 080 |
|
|
|a 635.91
|2 1997
|
| 100 |
1 |
|
|a Tkáčová, Silvia
|4 aut
|9 24739
|
| 245 |
1 |
0 |
|a Keď sa kvetom doma nedarí
|c Silvia Tkáčová
|
| 300 |
|
|
|b Fotogr.
|
| 650 |
0 |
7 |
|a izbové rastliny
|2 snkbucl
|9 1079
|
| 650 |
0 |
7 |
|a ošetrovanie rastlín
|2 snkbucl
|9 70471
|
| 773 |
0 |
|
|t Záhradkár
|g Roč. XLIII, č. 2 (2007), s. 58
|x 0862-5565
|
| 852 |
|
|
|a SNK
|b KIS3GCP
|
| 999 |
|
|
|c 1750159
|d 1752089
|